[Event "DEM U10/U10w 2006"]
[Site "Willingen GER"]
[Date "2006.06.04"]
[Round "1"]
[White "Peil, Christoph"]
[Black "Räcke, Geesche"]
[Result "1-0"]
[Termination "normal"]
[Board "25"]
[WhiteElo "1339"]
[BlackElo "970"]
[PlyCount "35"]
[WhiteFideId "24651800"]
[EventCountry "GER"]
[EventRounds "11"]
[EventType "swiss"]
[EventDate "2006.06.03"]

1. e4 e5 2. Nf3 Nc6 3. Bc4 Nf6 4. d3 h6 5. Nc3 Bc5 6. O-O d6 7. h3 O-O 8. Re1
Be6 9. Bb3 Bd4 10. Ne2 Bc5 11. Bd2 a6 12. c3 Rb8 13. d4 Ba7 14. d5 Nxe4 15. Be3
Ra8 16. dxe6 Bxe3 17. exf7+ Kh8 18. fxe3 1-0

[Event "DEM U10/U10w 2006"]
[Site "Willingen GER"]
[Date "2006.06.04"]
[Round "1"]
[White "Bluhm, Sonja Maria"]
[Black "Sasse, Fabius"]
[Result "1/2-1/2"]
[Termination "normal"]
[Board "26"]
[WhiteElo "963"]
[BlackElo "1337"]
[PlyCount "51"]
[WhiteFideId "24654027"]
[BlackFideId "24659657"]
[EventCountry "GER"]
[EventRounds "11"]
[EventType "swiss"]
[EventDate "2006.06.03"]

1. e4 e5 2. Nf3 Nc6 3. Bc4 Bc5 4. c3 Nf6 5. d4 exd4 6. cxd4 Bb4+ 7. Nc3 Nxe4 8.
O-O Nxc3 9. bxc3 Bxc3 10. Ba3 d6 11. Qb3 Bxa1 12. Bxf7+ Kf8 13. Re1 Ne7 14. Ng5
h6 15. Qf3 Bf5 16. Ne6+ Kxf7 17. Nxd8+ Raxd8 18. g4 Bxd4 19. gxf5 Rhe8 20. Qb3+
Kf8 21. Qxb7 Rd7 22. Qg2 Bc3 23. Re3 Nxf5 24. Rxe8+ Kxe8 25. Qe4+ Ne7 26. f4
1/2-1/2

[Event "DEM U10/U10w 2006"]
[Site "Willingen GER"]
[Date "2006.06.04"]
[Round "1"]
[White "Dang, An-Hai"]
[Black "Geise, Maria"]
[Result "1-0"]
[Termination "normal"]
[Board "27"]
[WhiteElo "1334"]
[BlackElo "942"]
[PlyCount "85"]
[EventCountry "GER"]
[EventRounds "11"]
[EventType "swiss"]
[EventDate "2006.06.03"]

1. e4 c5 2. c3 a6 3. d4 cxd4 4. cxd4 d6 5. d5 e6 6. dxe6 fxe6 7. Nc3 Nf6 8. Bg5
Be7 9. Nf3 Nc6 10. Bc4 b5 11. Bb3 O-O 12. O-O Kh8 13. Nd4 Nxd4 14. Qxd4 Qd7 15.
Rfd1 Bb7 16. e5 Qc6 17. f3 dxe5 18. Qxe5 Rad8 19. Qxe6 Qxe6 20. Bxe6 b4 21. Ne2
Rxd1+ 22. Rxd1 Rd8 23. Rxd8+ Bxd8 24. Bxf6 Bxf6 25. b3 g6 26. Kf2 Kg7 27. Ke3
Bb2 28. Kf4 Kf6 29. Bc4 g5+ 30. Ke3 a5 31. Bd3 h6 32. Be4 Ba6 33. Nd4 Bxd4+ 34.
Kxd4 Bf1 35. g3 Bg2 36. f4 Bxe4 37. Kxe4 Ke6 38. fxg5 hxg5 39. h4 Kf6 40. hxg5+
Kxg5 41. Kd5 Kg4 42. Kc5 Kxg3 43. Kb5 1-0

[Event "DEM U10/U10w 2006"]
[Site "Willingen GER"]
[Date "2006.06.04"]
[Round "1"]
[White "Srokovskiy, Andrea"]
[Black "Winterholler, Christina"]
[Result "1-0"]
[Termination "normal"]
[Board "28"]
[WhiteElo "940"]
[BlackElo "1332"]
[PlyCount "149"]
[WhiteFideId "4624947"]
[BlackFideId "24652105"]
[EventCountry "GER"]
[EventRounds "11"]
[EventType "swiss"]
[EventDate "2006.06.03"]

1. e4 e5 2. Nf3 Nc6 3. Bc4 Bc5 4. O-O Nf6 5. Nc3 O-O 6. d3 h6 7. Be3 Bb6 8. h3
d6 9. b3 Be6 10. Bb5 Ne7 11. d4 c6 12. dxe5 dxe5 13. Qxd8 Raxd8 14. Bxb6 axb6
15. Bd3 Ng6 16. Rad1 Nh5 17. Be2 Nhf4 18. Bc4 Bxc4 19. bxc4 f6 20. Nh2 Rf7 21.
Rxd8+ Kh7 22. Ng4 h5 23. Ne3 Ne6 24. Re8 Nd4 25. Nf5 Nxc2 26. Rd1 Nf4 27. Rdd8
Ne1 28. Rh8+ Kg6 29. Nh4+ Kg5 30. Nf3+ Nxf3+ 31. gxf3 Nxh3+ 32. Kg2 Nf4+ 33.
Kg3 f5 34. Rdg8 Kf6 35. exf5 Kxf5 36. Rf8 Rxf8 37. Rxf8+ Kg6 38. Ne4 Kh6 39.
Rh8+ Kg6 40. Kh4 Ng2+ 41. Kg3 Nf4 42. Re8 Kf5 43. Nd6+ Kf6 44. Nxb7 Ne2+ 45.
Kh4 Nf4 46. Rf8+ Kg6 47. Re8 Kf5 48. a4 g5+ 49. Kg3 Ne2+ 50. Kh2 Nd4 51. c5
Nxf3+ 52. Kg3 g4 53. Nd6+ Kg6 54. cxb6 Kg5 55. Rg8+ Kf6 56. Rf8+ Ke7 57. Rxf3
gxf3 58. b7 Kxd6 59. b8=Q+ Kc5 60. a5 e4 61. Qe5+ Kc4 62. Qxh5 e3 63. Kxf3 Kd3
64. fxe3 Kc4 65. a6 Kd3 66. a7 Kc4 67. a8=Q c5 68. Qc8 Kd3 69. Qd5+ Kc2 70.
Qcxc5+ Kb2 71. Qd1 Ka2 72. Qdc1 Kb3 73. Qb5+ Ka2 74. Qcc4+ Ka1 75. Qca4# 1-0

[Event "DEM U10/U10w 2006"]
[Site "Willingen GER"]
[Date "2006.06.04"]
[Round "1"]
[White "Azizi, Nassim"]
[Black "Püschel, Torben"]
[Result "1-0"]
[Termination "normal"]
[Board "29"]
[WhiteElo "1331"]
[BlackElo "937"]
[PlyCount "87"]
[WhiteFideId "4608119"]
[EventCountry "GER"]
[EventRounds "11"]
[EventType "swiss"]
[EventDate "2006.06.03"]

1. e4 e5 2. Nf3 Nc6 3. Bb5 d6 4. Nc3 Bd7 5. d3 Nd4 6. Bxd7+ Qxd7 7. Be3 Nxf3+
8. Qxf3 Nf6 9. O-O Be7 10. a4 O-O 11. Kh1 Qg4 12. Qxg4 Nxg4 13. Nd5 Bf6 14.
Nxf6+ Nxf6 15. f4 Ng4 16. Bd2 Rae8 17. h3 Nf6 18. g4 h6 19. Bc3 d5 20. Bb4 dxe4
21. Bxf8 Rxf8 22. fxe5 Nd7 23. d4 c5 24. c3 cxd4 25. cxd4 Rd8 26. Rfe1 f6 27.
Rxe4 fxe5 28. dxe5 Re8 29. Rd1 Nf6 30. Re2 a6 31. Ree1 Nh7 32. e6 Ng5 33. e7
Kf7 34. Rd7 b5 35. Ra7 bxa4 36. Rxa6 Rxe7 37. Rxe7+ Kxe7 38. Rxa4 Nxh3 39. Kg2
Ng5 40. b4 Ne4 41. Kf3 Nd2+ 42. Ke2 Nb1 43. Kd3 Kd7 44. Ra1 1-0

[Event "DEM U10/U10w 2006"]
[Site "Willingen GER"]
[Date "2006.06.04"]
[Round "1"]
[White "Schumacher, Wendy"]
[Black "Preiß, Vincent"]
[Result "0-1"]
[Termination "normal"]
[Board "30"]
[WhiteElo "880"]
[BlackElo "1289"]
[PlyCount "98"]
[BlackFideId "24660850"]
[EventCountry "GER"]
[EventRounds "11"]
[EventType "swiss"]
[EventDate "2006.06.03"]

1. e4 e5 2. Nf3 Nc6 3. b3 Bc5 4. Qe2 Nf6 5. Bb2 d6 6. h3 O-O 7. c3 d5 8. d4
exd4 9. Nxd4 Nxd4 10. cxd4 Re8 11. f3 dxe4 12. fxe4 Rxe4 13. dxc5 Rxe2+ 14.
Bxe2 Ne4 15. O-O Ng3 16. Rf2 Nxe2+ 17. Rxe2 Bf5 18. Nd2 Bd3 19. Re3 c6 20. Rae1
f6 21. Re8+ Qxe8 22. Rxe8+ Rxe8 23. g4 Re1+ 24. Nf1 Rxf1+ 25. Kg2 Re1 26. Bc3
Re2+ 27. Kf3 Rxa2 28. Ke3 Bc2 29. b4 Ra3 30. Kd2 Be4 31. Bb2 Rxh3 32. g5 fxg5
33. Bc1 Rd3+ 34. Ke2 Rb3 35. Bd2 Rb2 36. Ke3 Rxd2 37. Kxd2 g4 38. Ke3 g3 39.
Kxe4 g2 40. Ke5 g1=Q 41. Kd6 Qd4+ 42. Kc7 Qxb4 43. Kb8 b6 44. Kxa7 bxc5 45. Ka6
c4 46. Ka7 c3 47. Ka6 c2 48. Ka7 c1=Q 49. Ka6 Qa1# 0-1

[Event "DEM U10/U10w 2006"]
[Site "Willingen GER"]
[Date "2006.06.04"]
[Round "1"]
[White "Pfadenhauer, Johannes"]
[Black "Schmalhorst, Sophia"]
[Result "1/2-1/2"]
[Termination "normal"]
[Board "31"]
[WhiteElo "1281"]
[BlackElo "879"]
[PlyCount "37"]
[WhiteFideId "24615269"]
[BlackFideId "24682497"]
[EventCountry "GER"]
[EventRounds "11"]
[EventType "swiss"]
[EventDate "2006.06.03"]

1. d4 d5 2. c4 e6 3. Nc3 Nf6 4. Bg5 Be7 5. e3 Nc6 6. Bd3 Bd7 7. Bxf6 Bxf6 8.
cxd5 exd5 9. Nxd5 Be6 10. Nxf6+ gxf6 11. Nf3 Qd7 12. Bb5 Bd5 13. Qd3 f5 14. Ne5
Qe6 15. f3 Rg8 16. e4 fxe4 17. fxe4 Bxa2 18. Nxc6 bxc6 19. Bxc6+ 1/2-1/2

[Event "DEM U10/U10w 2006"]
[Site "Willingen GER"]
[Date "2006.06.04"]
[Round "1"]
[White "Kuckling, Hannah"]
[Black "Haferland, Konstantin"]
[Result "0-1"]
[Termination "normal"]
[Board "32"]
[WhiteElo "876"]
[BlackElo "1277"]
[PlyCount "64"]
[WhiteFideId "24603660"]
[EventCountry "GER"]
[EventRounds "11"]
[EventType "swiss"]
[EventDate "2006.06.03"]

1. e4 e5 2. Nf3 Nc6 3. Bb5 Nf6 4. O-O Bc5 5. c3 d6 6. d4 Bb6 7. d5 a6 8. Ba4
Bd7 9. dxc6 bxc6 10. Bg5 O-O 11. Nh4 h6 12. Be3 Rb8 13. Bxb6 Rxb6 14. Bb3 Nxe4
15. Qh5 Nf6 16. Qg6 Rxb3 17. Qg3 Rxb2 18. Qd3 Ng4 19. Qg3 g5 20. Nf3 Qf6 21. h3
e4 22. Nfd2 Ne5 23. Nxe4 Qf4 24. Qxf4 gxf4 25. g3 Bxh3 26. Re1 Nf3+ 27. Kh1
Nxe1 28. gxf4 d5 29. Nf6+ Kh8 30. Na3 Nf3 31. Rd1 Rxf2 32. Nd7 Rh2# 0-1

[Event "DEM U10/U10w 2006"]
[Site "Willingen GER"]
[Date "2006.06.04"]
[Round "1"]
[White "Höpfner, Tim"]
[Black "Schulze, Tabea"]
[Result "1-0"]
[Termination "normal"]
[Board "33"]
[WhiteElo "1265"]
[BlackElo "869"]
[PlyCount "115"]
[WhiteFideId "4638310"]
[EventCountry "GER"]
[EventRounds "11"]
[EventType "swiss"]
[EventDate "2006.06.03"]

1. e4 e5 2. Nf3 Nc6 3. Bb5 Nf6 4. Nc3 Bb4 5. d3 d6 6. Bd2 O-O 7. O-O Bd7 8. a3
Bxc3 9. Bxc3 a6 10. Bc4 Re8 11. Ng5 Be6 12. Nxe6 fxe6 13. f4 Nd4 14. Bxd4 exd4
15. Qf3 d5 16. exd5 exd5 17. Bb3 c6 18. Rae1 Qd7 19. c4 dxc4 20. Bxc4+ Kh8 21.
Re5 Ng4 22. Rxe8+ Rxe8 23. Qh3 b5 24. Bb3 a5 25. f5 Ne3 26. Re1 Nxf5 27. Rxe8+
Qxe8 28. Qxf5 a4 29. Be6 Qe7 30. Qf7 Qxf7 31. Bxf7 c5 32. Be8 b4 33. axb4 cxb4
34. Bxa4 h6 35. Kf2 g5 36. Kf3 Kg7 37. Ke4 Kf6 38. Bd1 Kg6 39. g4 b3 40. Kxd4
Kf6 41. Bxb3 h5 42. Bd1 hxg4 43. Bxg4 Ke7 44. Kd5 Kd8 45. Kd6 Ke8 46. b4 Kd8
47. b5 Ke8 48. b6 Kf7 49. b7 Kg6 50. b8=Q Kg7 51. Qc7+ Kf8 52. Qc8+ Kg7 53.
Qd7+ Kf8 54. Qd8+ Kg7 55. Qe7+ Kh6 56. Ke6 Kg6 57. Bf5+ Kh5 58. Qh7# 1-0

[Event "DEM U10/U10w 2006"]
[Site "Willingen GER"]
[Date "2006.06.04"]
[Round "1"]
[White "Grzeca, Carmen"]
[Black "Urban, Lars"]
[Result "0-1"]
[Termination "normal"]
[Board "34"]
[WhiteElo "858"]
[BlackElo "1265"]
[PlyCount "62"]
[BlackFideId "4644034"]
[EventCountry "GER"]
[EventRounds "11"]
[EventType "swiss"]
[EventDate "2006.06.03"]

1. e4 e5 2. Nf3 Nc6 3. Bc4 Bc5 4. O-O Nf6 5. h3 d6 6. Nc3 Be6 7. d3 Qd7 8. Ng5
Bxc4 9. dxc4 h6 10. Nf3 O-O 11. Nh4 Qe6 12. b3 Bd4 13. Bd2 Nxe4 14. Re1 Nxc3
15. Qc1 Ne2+ 16. Rxe2 Bxa1 17. Qxa1 Nd4 18. Re4 f5 19. Rxd4 exd4 20. Qxd4 Qe5
21. Qd3 Qf6 22. Qg3 f4 23. Qg4 Qg5 24. Qe6+ Rf7 25. Nf3 Qe7 26. Qg4 Raf8 27. g3
fxg3 28. Bxh6 gxf2+ 29. Kf1 Rxf3 30. Bxg7 Qe1+ 31. Kg2 Qg1# 0-1

[Event "DEM U10/U10w 2006"]
[Site "Willingen GER"]
[Date "2006.06.04"]
[Round "1"]
[White "Hümmecke, Aaron"]
[Black "Lagunov, Elina"]
[Result "0-1"]
[Termination "normal"]
[Board "35"]
[WhiteElo "1260"]
[BlackElo "857"]
[PlyCount "36"]
[WhiteFideId "24692522"]
[BlackFideId "4673387"]
[EventCountry "GER"]
[EventRounds "11"]
[EventType "swiss"]
[EventDate "2006.06.03"]

1. e4 e5 2. f4 d5 3. exd5 Bd6 4. Nf3 f6 5. fxe5 fxe5 6. Nxe5 Nf6 7. Bb5+ Nbd7
8. Bxd7+ Bxd7 9. Nxd7 Qxd7 10. Qe2+ Be7 11. Nc3 O-O 12. Qe6+ Qxe6+ 13. dxe6 Bd6
14. O-O Rae8 15. Re1 Ng4 16. h3 Bg3 17. Re2 Bh2+ 18. Kh1 Rf1# 0-1

[Event "DEM U10/U10w 2006"]
[Site "Willingen GER"]
[Date "2006.06.04"]
[Round "1"]
[White "Schreiber, Justina"]
[Black "Mainik, Philipp"]
[Result "0-1"]
[Termination "normal"]
[Board "36"]
[WhiteElo "855"]
[BlackElo "1258"]
[PlyCount "106"]
[WhiteFideId "24661570"]
[BlackFideId "4638646"]
[EventCountry "GER"]
[EventRounds "11"]
[EventType "swiss"]
[EventDate "2006.06.03"]

1. e4 e5 2. Nf3 Nc6 3. Bc4 Nf6 4. d3 Be7 5. Nc3 d6 6. Bg5 Bg4 7. h3 Bh5 8. g4
Bg6 9. Bd5 Nxd5 10. Bxe7 Ndxe7 11. h4 f6 12. h5 Bf7 13. g5 f5 14. exf5 Nxf5 15.
Qe2 Nfd4 16. Nxd4 Nxd4 17. Qd1 Qxg5 18. Ne4 Qf4 19. c3 Nc6 20. Qd2 Qxd2+ 21.
Nxd2 d5 22. h6 g6 23. O-O-O Kd7 24. c4 Nb4 25. cxd5 Nxd3+ 26. Kc2 Nb4+ 27. Kb1
Bxd5 28. Ne4 Ke7 29. Rh4 Bxe4+ 30. Rxe4 Nc6 31. f4 Rad8 32. Rxd8 Rxd8 33. fxe5
Ke6 34. a3 Rd5 35. Re3 Nxe5 36. Rb3 b6 37. Re3 Rd3 38. Re4 Kf5 39. Re1 Kf4 40.
Kc2 Re3 41. Rf1+ Rf3 42. Rd1 Nd3 43. Rxd3 Rxd3 44. Kxd3 g5 45. Ke2 Kg3 46. Ke3
g4 47. Ke4 Kh4 48. Kf5 g3 49. Kf6 g2 50. Kg7 g1=Q+ 51. Kxh7 Kh5 52. Kh8 Kxh6
53. b4 Qg7# 0-1

[Event "DEM U10/U10w 2006"]
[Site "Willingen GER"]
[Date "2006.06.04"]
[Round "1"]
[White "Knopf, Felix"]
[Black "Rahimi, Anita"]
[Result "1/2-1/2"]
[Termination "normal"]
[Board "37"]
[WhiteElo "1251"]
[BlackElo "849"]
[PlyCount "127"]
[WhiteFideId "24692204"]
[BlackFideId "24692336"]
[EventCountry "GER"]
[EventRounds "11"]
[EventType "swiss"]
[EventDate "2006.06.03"]

1. c4 e5 2. Nc3 Bc5 3. e4 Qf6 4. Nf3 d6 5. Nd5 Qd8 6. d3 Bg4 7. Be3 Nd7 8. Be2
Ngf6 9. O-O O-O 10. Qd2 h6 11. h3 Bh5 12. b4 Bxe3 13. fxe3 c6 14. Nxf6+ Nxf6
15. Rf2 Re8 16. Raf1 a6 17. Kh1 b6 18. Nh2 Bxe2 19. Qxe2 Kh8 20. Ng4 Nxg4 21.
Qxg4 f6 22. Rf3 Qe7 23. Rg3 Rad8 24. a4 Kg8 25. Qh4 Kh8 26. Kh2 Kh7 27. Re1 Kh8
28. Rf3 Kh7 29. Qf2 Kh8 30. Qb2 Rb8 31. Ra1 a5 32. b5 cxb5 33. Qxb5 Kh7 34. g4
Kh8 35. Kg2 Kh7 36. Qb2 Kh8 37. Ra3 Kh7 38. Rc3 Qb7 39. Rf1 Rec8 40. Rb1 Rc6
41. Kf3 Qc7 42. Kg2 Kh8 43. Kf3 Qb7 44. Kg2 Kh7 45. Kf3 Qc7 46. Kg2 Kh8 47. Kf3
Qb7 48. Kg2 Kg8 49. Kf3 Kh7 50. Kg2 Kg8 51. Kf3 Kf7 52. Kg3 Kg8 53. Kf3 Qc7 54.
Kg2 Kf7 55. Kf3 Kf8 56. Kg3 Ke8 57. Kf3 Kf8 58. Kg3 Kf7 59. Kf3 Ke8 60. Kg3 Kf7
61. Kf3 Kf8 62. Kg3 Kf7 63. Kf3 Kf8 64. Kg3 1/2-1/2

[Event "DEM U10/U10w 2006"]
[Site "Willingen GER"]
[Date "2006.06.04"]
[Round "1"]
[White "Michalik, Marina"]
[Black "Moritz, Aron"]
[Result "0-1"]
[Termination "normal"]
[Board "38"]
[WhiteElo "834"]
[BlackElo "1237"]
[PlyCount "116"]
[BlackFideId "24672319"]
[EventCountry "GER"]
[EventRounds "11"]
[EventType "swiss"]
[EventDate "2006.06.03"]

1. e4 c5 2. d3 Nc6 3. Nd2 d6 4. g3 g6 5. Bg2 Bg7 6. Ne2 Nf6 7. O-O Qc7 8. h3
Bd7 9. f4 Qc8 10. Kh2 h5 11. c3 h4 12. Nf3 hxg3+ 13. Kxg3 Bxh3 14. Bxh3 Qxh3+
15. Kf2 Ng4+ 16. Ke1 Nh2 17. Nxh2 Qxh2 18. Be3 Bf6 19. Kd2 b6 20. Rc1 O-O-O 21.
Kc2 Rhg8 22. Kb1 Kb7 23. Rh1 Qg2 24. Qc2 Qg4 25. Rce1 Qd7 26. Qb3 d5 27. Bxc5
dxe4 28. dxe4 Qd3+ 29. Kc1 Qxe4 30. Bf2 g5 31. Bg3 Qf5 32. Rd1 gxf4 33. Bxf4
Bg5 34. Bxg5 Qxg5+ 35. Kb1 e6 36. Qc4 Rxd1+ 37. Rxd1 Qf5+ 38. Kc1 Rc8 39. Rd7+
Rc7 40. Rd1 Ne5 41. Qh4 Nd3+ 42. Kb1 Nf2+ 43. Kc1 Nxd1 44. Kxd1 Qb1+ 45. Kd2
Qxb2+ 46. Ke3 Qxa2 47. Kf3 a5 48. Nd4 Rxc3+ 49. Ke4 Qd5+ 50. Kf4 Qxd4+ 51. Kg5
Rc5+ 52. Kh6 Qxh4+ 53. Kg7 Rf5 54. Kg8 Qg4+ 55. Kf8 Kc6 56. Ke7 Qg7 57. Ke8 f6
58. Kd8 Qf8# 0-1

[Event "DEM U10/U10w 2006"]
[Site "Willingen GER"]
[Date "2006.06.04"]
[Round "1"]
[White "Engshuber, Maximilian"]
[Black "Bajorski, Maria Sophie"]
[Result "1-0"]
[Termination "normal"]
[Board "39"]
[WhiteElo "1228"]
[BlackElo "818"]
[PlyCount "49"]
[BlackFideId "24654531"]
[EventCountry "GER"]
[EventRounds "11"]
[EventType "swiss"]
[EventDate "2006.06.03"]

1. e4 c5 2. Nf3 e6 3. d4 cxd4 4. Nxd4 a6 5. Nc3 Qc7 6. Be3 Nf6 7. Bd3 b5 8. a3
Bb7 9. Qf3 Bd6 10. Nce2 O-O 11. Bg5 Kh8 12. Bxf6 gxf6 13. Qxf6+ Kg8 14. Qg5+
Kh8 15. e5 Rg8 16. Qf6+ Rg7 17. exd6 Qxd6 18. Nf4 Nc6 19. Nxc6 Qxc6 20. O-O-O
Rc8 21. Nh5 Rcg8 22. Nxg7 Rxg7 23. h4 Qxg2 24. Rdg1 Kg8 25. Qd8# 1-0

[Event "DEM U10/U10w 2006"]
[Site "Willingen GER"]
[Date "2006.06.04"]
[Round "1"]
[White "Berger, Nadja"]
[Black "Gamisch, Laura"]
[Result "0-1"]
[Termination "normal"]
[Board "40"]
[WhiteElo "801"]
[BlackElo "1226"]
[PlyCount "30"]
[WhiteFideId "24692212"]
[BlackFideId "24615161"]
[EventCountry "GER"]
[EventRounds "11"]
[EventType "swiss"]
[EventDate "2006.06.03"]

1. d4 g6 2. Bf4 Bg7 3. e3 c5 4. c3 cxd4 5. exd4 b6 6. Qf3 Nc6 7. b4 Bb7 8. Bg3
Nf6 9. Qe2 O-O 10. Nd2 Re8 11. Ngf3 d6 12. h3 Rc8 13. Rc1 Nxb4 14. Nc4 Na6 15.
Qd2 Ne4 0-1

[Event "DEM U10/U10w 2006"]
[Site "Willingen GER"]
[Date "2006.06.04"]
[Round "1"]
[White "Wagner, Dennis"]
[Black "Klemm, Lisa-Marie"]
[Result "1-0"]
[Termination "normal"]
[Board "41"]
[WhiteElo "1225"]
[BlackElo "795"]
[PlyCount "69"]
[WhiteFideId "24650684"]
[EventCountry "GER"]
[EventRounds "11"]
[EventType "swiss"]
[EventDate "2006.06.03"]

1. e4 e5 2. Nf3 Nc6 3. Bc4 Bc5 4. c3 Nf6 5. d4 exd4 6. cxd4 Bb4+ 7. Nc3 O-O 8.
Bg5 h6 9. Bh4 Be7 10. e5 Ne8 11. Bxe7 Qxe7 12. O-O d6 13. exd6 Nxd6 14. Bb3 Bg4
15. d5 Nb4 16. a3 Na6 17. Bc2 g6 18. h3 Bd7 19. Qd2 Kh7 20. Rfe1 Qf6 21. b3 c6
22. Rac1 Nc7 23. Ne5 Be8 24. dxc6 bxc6 25. Ng4 Qg5 26. Qxd6 Ne6 27. Rcd1 c5 28.
Rxe6 fxe6 29. Qxf8 Bc6 30. Nf6+ Qxf6 31. Qxf6 Rg8 32. Qf7+ Rg7 33. Bxg6+ Kh8
34. Qf8+ Rg8 35. Qxh6# 1-0

[Event "DEM U10/U10w 2006"]
[Site "Willingen GER"]
[Date "2006.06.04"]
[Round "1"]
[White "G., Diana"]
[Black "Bokemaer, David"]
[Result "0-1"]
[Termination "normal"]
[Board "42"]
[WhiteElo "769"]
[BlackElo "1222"]
[PlyCount "94"]
[WhiteFideId "12964700"]
[EventCountry "GER"]
[EventRounds "11"]
[EventType "swiss"]
[EventDate "2006.06.03"]

1. e4 e5 2. Nf3 Nc6 3. Bc4 Nf6 4. Bb3 Nxe4 5. d3 Nc5 6. Bd5 Be7 7. Qe2 d6 8.
Bg5 Bxg5 9. h4 Be7 10. Ng5 Bxg5 11. hxg5 Qxg5 12. Rh5 Qc1+ 13. Qd1 Qxd1+ 14.
Kxd1 Bg4+ 15. f3 Bxh5 16. g4 Bg6 17. Nc3 O-O 18. Nb5 a6 19. Nxc7 Rac8 20. Bxc6
bxc6 21. b4 Nxd3 22. cxd3 Rxc7 23. a4 Bxd3 24. Ra3 e4 25. fxe4 Bxe4 26. Re3 Re8
27. g5 Bc2+ 28. Kd2 Rxe3 29. Kxe3 Bxa4 30. g6 fxg6 31. b5 cxb5 32. Ke4 Rc5 33.
Kd4 Kf7 34. Ke4 Ke6 35. Kd4 Rc4+ 36. Kd3 Kd5 37. Ke3 Rh4 38. Kf3 Ke5 39. Kg3
Rb4 40. Kh3 Kf5 41. Kg3 Rc4 42. Kh3 Kg5 43. Kg2 Rc3 44. Kf1 Rc2 45. Ke1 Kf4 46.
Kd1 Ke3 47. Ke1 Rc1# 0-1

[Event "DEM U10/U10w 2006"]
[Site "Willingen GER"]
[Date "2006.06.04"]
[Round "1"]
[White "Jünger, Alexander"]
[Black "Schrötter, Luisa"]
[Result "1-0"]
[Termination "normal"]
[Board "43"]
[WhiteElo "1197"]
[BlackElo "748"]
[PlyCount "71"]
[EventCountry "GER"]
[EventRounds "11"]
[EventType "swiss"]
[EventDate "2006.06.03"]

1. e4 c6 2. Nc3 d5 3. f4 dxe4 4. Nxe4 Be6 5. Nf2 Nd7 6. Nf3 Bf5 7. g3 g6 8. Bg2
Bg7 9. O-O Ngf6 10. h3 O-O 11. Nd4 Qc7 12. Nxf5 gxf5 13. d4 Nd5 14. c4 N5b6 15.
b3 Nc8 16. Bb2 b6 17. Qc2 e6 18. Rad1 Re8 19. b4 Ne7 20. b5 cxb5 21. Bxa8 Rxa8
22. Rc1 b4 23. Nd3 a5 24. Qg2 Qc8 25. c5 b5 26. c6 Nb6 27. g4 fxg4 28. Qxg4 Ra7
29. d5 Ng6 30. Bxg7 Kxg7 31. f5 exd5 32. Qd4+ Kf8 33. fxg6 hxg6 34. Qh8+ Ke7
35. Rfe1+ Kd6 36. Qe5# 1-0

[Event "DEM U10/U10w 2006"]
[Site "Willingen GER"]
[Date "2006.06.04"]
[Round "1"]
[White "Puffay, Jana"]
[Black "Neef, Maximilian"]
[Result "1/2-1/2"]
[Termination "normal"]
[Board "44"]
[WhiteElo "733"]
[BlackElo "1197"]
[PlyCount "82"]
[WhiteFideId "24692360"]
[BlackFideId "24692085"]
[EventCountry "GER"]
[EventRounds "11"]
[EventType "swiss"]
[EventDate "2006.06.03"]

1. e4 c5 2. Nf3 d6 3. Nc3 Nf6 4. Bc4 e6 5. O-O Be7 6. d3 a6 7. d4 cxd4 8. Qxd4
Nc6 9. Qe3 O-O 10. Qf4 b5 11. Bd3 Bb7 12. Qg3 Nb4 13. Bh6 Nh5 14. Qg4 g6 15.
Bxf8 Bxf8 16. Rae1 Bg7 17. e5 Nxd3 18. cxd3 Bxf3 19. Qxf3 Bxe5 20. Ne2 Bxb2 21.
d4 e5 22. dxe5 Bxe5 23. g4 Ng7 24. Rc1 Ra7 25. Rc2 Ne6 26. Rfc1 Qh4 27. Qg2 h5
28. g5 Qxg5 29. Qxg5 Nxg5 30. Rc8+ Kg7 31. R1c7 Rxc7 32. Rxc7 Nf3+ 33. Kg2 Ne1+
34. Kg1 Nd3 35. Ra7 Nc5 36. f4 Bf6 37. Ng3 g5 38. Nxh5+ Kg6 39. Nxf6 Kxf6 40.
fxg5+ Kg6 41. h4 d5 1/2-1/2